00771nam a22002057a 450000500170000001000150001702000260003203500140005803700130007208200100008510000270009524500910012226000640021327000550027730000220033270000360035494200240039099900190041495201320043320230920131033.0 aENG-138199 a9789392451874c275.00 aEN-121731 bDBAD/PUB a230.1 aRamakrishna, G.957108 aA Glimpse into the BhagavadgeethacBy G. Ramakrishna and Translated by B. R. Manjunath aBengalurubNavakarnataka Publications Private Limitedc2023 aEmbassy Centre, Crescent Road, bBengalurue560001 a224 p.c22cm(pbk) aManjunath, B. R.eAuthor956915 2ddccENh230.1mRAM c198455d198455 001040708NFICaBNbBNd2023-09-20eDBAD/PUBg275.00l0o230.1 RAMpEN-121731r2023-09-20 00:00:00t1v275.00w2023-09-20yEN